| 000 | 01534nam a2200169 i 4500 | ||
|---|---|---|---|
| 001 | 170721 | ||
| 003 | ES-MaACL | ||
| 005 | 20230906214437.0 | ||
| 008 | 090401s18681872sp |||| | spa d | ||
| 080 | _a94(460) | ||
| 110 | 2 |
_aReal Academia de la Historia (España) _96309 |
|
| 245 | 1 | 0 |
_aDiscursos leídos ante la Academia de la Historia, _f1868-1872 / _cReal Academia de la Historia. |
| 260 |
_aMadrid : _b[s.n.], _c1868 ( _fImp. de José Rodríguez) |
||
| 300 |
_a1 v. ; _c27 cm. |
||
| 505 | 8 | _aContiene: Estudios históricos / Antonio Benavides (38 p.). Crónica general de D. Alfonso el Sabio y los elementos que concurren a la cultura de la época / Juan Facundo Riaño (49 p.). Contestación / Eduardo Saavedra (p. 51-61). El pueblo extremeño / Vicente Barrantes (61 p.). Reyes Católicos / Antonio Cánovas del Castillo (p. 63-84). La expedición de los españoles a Dinamarca, a las órdenes del Marqués de la Romana / José Gómez de Arteche (59 p.). Contestación / Cayetano Rosell (p. 61-83). Antiguos bandos políticos desde el siglo XIII hasta fines del XV / Francisco de Cárdenas (43 p.). Contestación / José Amador de los Ríos (p. 48-78). Expediciones marítimas [s. XIV] / Francisco Javier de Salas (127 p. + 1 map. pleg.). Contestación / Aureliano Fernández-Guerra y Orbe (p. 130-200). Elogio de Don José Cornide de Saavedra / Carlos Ramón Fort (64 p. + 1 retr.). Elche / Marqués de Molins (99 p.). / Contestación / Antonio Benavides (p. 102-124). | |
| 852 |
_aES-MaACL _jK-119 _z- Enc. pasta española |
||
| 999 |
_c170721 _d170721 |
||